Movies Breakdown Puzzle #3 - Statistics

General Stats
  • This quiz has been taken 1,155 times
  • The average score is 12 of 30
Answer Stats
Hint Answer % Correct
Petrol, in the US GAS
93%
Bodily limb ARM
83%
Winter garment COAT
74%
Eat an icecream LICK
70%
Handgun PISTOL
70%
Tug-of-war need ROPE
67%
Not thickly THINLY
67%
Film, _____ Libre NACHO
66%
Desire WANT
66%
Say "hello" to GREET
63%
Lawyer's customer CLIENT
60%
Induced sleep COMA
55%
Bull's-eye hitter DART
50%
Before, poetically ERE
46%
Tavern; prohibit BAR
42%
Take a nap REST
37%
Celebrity, renown FAME
34%
Romulus was one TWIN
31%
GREASE
30%
Sense of humour WIT
30%
Dry, as wine SEC
21%
PREDATOR
14%
SCREAM
14%
TWISTER
13%
MALEFICENT
11%
LABYRINTH
10%
CHINATOWN
9%
COCKTAIL
7%
POLTERGEIST
7%
CATWOMAN
6%
No matching quizzes found
Score Distribution
Percent of People with Each Score
Percentile by Number Answered
Your Score History
You have not taken this quiz